000 00616nam a2200217Ia 4500
005 20241129110248.0
008 241129s9999||||xx |||||||||||||| ||und||
020 _a9789386125804
037 _aTB
040 _aARTS
_beng
_cARTS
041 _aeng
_2urd
084 _aO168,1N353x R0
_qARTS
100 _aFaruqi Shamsurrehman Au.
_9195380
245 0 _aMajlis-e-Afaq mein parwana san
_cFaruqi Shamsurrehman Au.
260 _aDelhi, India
_bM. R. Publications
_c2008
300 _a665p.
365 _aINR
_b695
650 _aUrdu Poetry
942 _cTB
_hO168,1N353x R0
999 _c1227943
_d1227943